Statistics for American TV Shows by Cast Quiz #3

Click here to take the quiz!

General Stats

  • This quiz has been taken 24,819 times
    (16,413 since last reset)
  • The average score is 10 of 22

Answer Stats

Cast TV Show % Correct
Aniston, Cox, SchwimmerFriends
100%
Fey, Baldwin, Morgan30 Rock
64%
Alexander, Louis-Dreyfus, RichardsSeinfeld
62%
Heigl, Oh, Dempsey, PompeoGrey's Anatomy
61%
Howard, Winkler, MostHappy Days
56%
Barr, Goodman, GaleckiRoseanne
56%
Murphy, Aykroyd, BelushiSaturday Night Live
56%
Gellar, Hannigan, BoreanazBuffy the
Vampire Slayer
54%
Holmes, Van Der Beek, WilliamsDawson's Creek
52%
O'Neill, Applegate, SagalMarried with Children
51%
Panettiere, Quinto, BellHeroes
49%
Rashad, Bonet, SymonéThe Cosby Show
48%
Lynch, Monteith, Michele, ColferGlee
44%
Bateman, de Rossi, Cera, WinklerArrested Development
41%
Stewart, Colbert, Carell, BeeThe Daily Show
39%
Brie, Chase, Glover, JeongCommunity
33%
Dobrev, Wesley, SomerhalderThe Vampire Diaries
32%
O'Connor, Struthers, ReinerAll in the Family
30%
Danson, Fishburne, Eads, SzmandaCSI
29%
Michaels, Madden, GrudenMonday Night Football
26%
Danes, Leto, CruzMy So-Called Life
22%
MacLachlan, Boyle, GrahamTwin Peaks
22%

Score Distribution

Percentile by Number Answered

Percent of People with Each Score

Your Score History

You have not taken this quiz since the last reset